Statistics for Match the Work to the Author

Click here to take the quiz!

General Stats

  • This quiz has been taken 13 times
  • The average score is 12 of 32

Answer Stats

bookauthor% Correct
bleak housedickens
100%
finnegans wakejoyce
83%
jude the obscurehardy
58%
the death of ivan ilyichtolstoy
58%
the waveswoolf
58%
little menalcott
50%
dandelion winebradbury
50%
the professorbrontë
50%
go set a watchmanlee
50%
lady susanausten
42%
the myth of sisyphuscamus
42%
adam bedeeliot
42%
hills like white elephantshemingway
42%
firestarterking
42%
the bluest eyemorrison
42%
and still i riseangelou
33%
the penelopiadatwood
33%
go tell it on the mountainbaldwin
33%
mother nightvonnegut
33%
the happy prince and other storieswilde
33%
purgatorioalighieri
25%
a journal of the plague yeardefoe
25%
the doubledostoevsky
25%
the mysterious strangertwain
25%
zadigvoltaire
25%
the bearchekhov
17%
ghostsibsen
17%
the bellspoe
17%
a young doctor's notebookbulgakov
8%
the last manshelley
8%
the dispossessedguin
0%
a visionyeats
0%

Score Distribution

Percentile by Number Answered

Percent of People with Each Score

Your Score History

You have not taken this quiz